006200000a220019300045000410013000002450033000133000017000466500026000636500022000896500023001116500028001346510056001626510066002186530067002840410014003510440013003651100018003782600030003960 aInglés10aPrograma bindes artificiales a35 min.bVHS14aTecnologías limpias14aFogones de leña14aUsos tradicionales14aConservación de fauna 4lSerranía de San JacintodBolivar, SucrepColombia 4lReserva Forestal Montes de MaríamColosódSucrepColombia fCallitrichinaegSaguinuseSaguinus oedipusvtiti cabeza blanca0 aEspañol aColombia1 aProyecto Titi as.l.bProyecto Titic1995